1098 1962 1194 1502 1123 1167 1245 1916 1216 1486 1155 1589 1135 1168 1338 1552 1878 1378 1378 1426 1339 1295 1863 1349 1533 1922 1897 1159 1041 1066 1081 1816 1131 1031 1074 1010 1050 1998 1516 1992 1182 1739 1423 1110 1224 1845 1794 1266 1855 1435 1755 1343 1751 1718 1687 1317 1623 1948 1953 1512 1233 1484 1017 1953 1047 1802 1833 1607 1485 1851 1034 1040 1223 1705 1044 1353 1573 1306 1587 1462 1647 1435 1408 1062 1367 1063 1081 1059 1091 1480 1981 1415 1671 1143 1981 1891 1869 1105 1368 BCNSPRNW ULIB Ver.6.0+V

เปลี่ยนเป็นภาษาไทย

Change to English
 แสดงรายละเอียดบรรณานุกรม
  กลับหน้าหลัก

Brief Record : Get Marc (ISO 2709) : E-mail record : QR code < ปิดหน้าต่าง
LEADER : 00000nam 2200000uu 4500
001    13399114683
003     ULIB
008    120429s2553||||th 000 0 tha d
020    ^a9786167287225
060 04 ^aWC515^bช576ร
245 00 ^aเรียนรู้และเข้าใจ ไข้หวัดใหญ่ตามฤดูกาลไข้หวัดนกและไข้หวัดใหญ่สายพันธุ์ใหม่ 2009 /^cศูนย์ฝึกอบรมทักษะการสื่อสาร ฝ่ายกุมารเวชศาสตร์ โรงพยาบาลจุฬาลงกรณ์ ; บรรณาธิการ, ชิษณุ พันธุ์เจริญ, ธันยวีร์ ภูธนกิจ, จรุงจิตร์ งามไพบูลย์
260    ^aกรุงเทพฯ :^bศูนย์ฝึกอบรมทักษะการสื่อสาร ฝ่ายกุมารเวชศาสตร์โรงพยาบาลจุฬาลงกรณ์,^c2553
300    ^a112 หน้า ;^c21 ซม.
650  7 ^aไข้หวัดใหญ่
650  7 ^aไข้หวัดนก
650  7 ^aไข้หวัดใหญ่สายพันธุ์ใหม่ 2009
700 0  ^aชิษณุ พันธุ์เจริญ,^eบรรณาธิการ
700 0  ^aธันยวีร์ ภูธนกิจ,^eบรรณาธิการ
700 0  ^aจรุงจิตร์ งามไพบูลย์,^eบรรณาธิการ
710 2  ^aโรงพยาบาลจุฬาลงกรณ์. ^bฝ่ายกุมารเวชศาสตร์.^bศูนย์ฝึกอบรมทักษะการสื่อสาร
945    ^p120^l0^i18983
945    ^p120^l0^i16858
945    ^p120^l0^i16857
995    ^a เกษร
999    ^aใช้งานได้ทุกระบบ
รายการนี้ยังไม่มีแท็ก
คุณยังไม่ได้ล็อกอิน คุณสามารถมีกิจกรรมร่วมกับเว็บไซต์ได้ แต่ต้องล็อกอินก่อน ::
  ล็อกอิน

รายการสื่อสารสนเทศ

ลำดับที่ ประเภท เลขเรียก/บาร์โค้ด สถานที่ สถานะ
1. วิทยาศาสตร์การแพทย์ และสุขภาพ
วิทยาศาสตร์การแพทย์ และสุขภาพ
สถานะ=หนังสือเก่า
WC515 ช576ร  
  Barcode: 18983
ห้องสมุดวิทยาเขตนครสวรรค์
►ส่วนจัดเก็บหนังสือเก่า นว.
บนชั้น
  ขอยืม
2. การศึกษาทั่วไป
การศึกษาทั่วไป
สถานะ=หนังสือเก่า
WC515 ช576ร ฉ.2 
  Barcode: 16858
ห้องสมุดวิทยาเขตนครสวรรค์
►ส่วนจัดเก็บหนังสือเก่า นว.
บนชั้น
  ขอยืม
3. วิทยาศาสตร์การแพทย์ และสุขภาพ
วิทยาศาสตร์การแพทย์ และสุขภาพ
สถานะ=หนังสือเก่า
WC515 ช576ร ฉ.3 
  Barcode: 16857
ห้องสมุดวิทยาเขตนครสวรรค์
►ส่วนจัดเก็บหนังสือเก่า นว.
บนชั้น
  ขอยืม

รายการใกล้เคียง
    หัวเรื่อง [ไข้หวัดใหญ่]
    หัวเรื่อง [ไข้หวัดนก]
    หัวเรื่อง [ไข้หวัดใหญ่สายพันธุ์ใหม่ 2009]

BibComment


ยังไม่เคยถูกคอมเมนท์

คอมเมนท์ทรัพยากรรายการนี้
  คอมเมนท์: เรียนรู้และเข้าใ..


 Copyright 2026. Bcnsprnw @Library